November 9 (Record no. 33697)

MARC details
000 -LEADER
fixed length control field 00391nam a22001697a 4500
003 - CONTROL NUMBER IDENTIFIER
control field OSt
005 - DATE AND TIME OF LATEST TRANSACTION
control field 20260405112809.0
008 - FIXED-LENGTH DATA ELEMENTS--GENERAL INFORMATION
fixed length control field 260405b |||||||| |||| 00| 0 eng d
020 ## - INTERNATIONAL STANDARD BOOK NUMBER
International Standard Book Number 9781501110344
040 ## - CATALOGING SOURCE
Transcribing agency LIRC
082 ## - DEWEY DECIMAL CLASSIFICATION NUMBER
Classification number 813.6 HOO
100 ## - MAIN ENTRY--PERSONAL NAME
Personal name Hoover, Colleen
9 (RLIN) 5778
245 ## - TITLE STATEMENT
Title November 9
260 ## - PUBLICATION, DISTRIBUTION, ETC.
Place of publication, distribution, etc. New York
Name of publisher, distributor, etc. Atria Paperback
Date of publication, distribution, etc. 2015
300 ## - PHYSICAL DESCRIPTION
Extent 300 p.
942 ## - ADDED ENTRY ELEMENTS (KOHA)
Source of classification or shelving scheme Dewey Decimal Classification
Koha item type Utkarsh
Holdings
Withdrawn status Lost status Source of classification or shelving scheme Damaged status Not for loan Home library Current library Date acquired Source of acquisition Coded location qualifier Cost, normal purchase price Total Checkouts Full call number Barcode Date last seen Copy number Cost, replacement price Price effective from Koha item type
    Dewey Decimal Classification     Library and Information Resource Centre Library and Information Resource Centre 2026-04-01 Shambhavi New Delhi 499.00   813.6 HOO UT340 2026-04-05 1 499.00 2026-04-01 Utkarsh
Visit counter For Websites
LIRC, NIIT University, Neemrana, 01494-660783, Copyright © 2015. All Rights Reserved.